Técnicas docentes y sistemas de evaluación en Educación Superior

Salvato in:
Dettagli Bibliografici
Autore principale: Sánchez González, María Paz (Autore)
Natura: Libro
Lingua:spagnolo
Pubblicazione: Madrid Narcea S. A. de Ediciones 2010
Edizione:1a. ed
Soggetti:
Tags: Aggiungi Tag
Nessun Tag, puoi essere il primo ad aggiungerne!!

MARC

LEADER 00000cam a2200000 a 4500
001 UCE1518
003 CL-VaPUC
008 140502e20100000sp |||||||||||||||||spa|d
020 |a 9788427717169 
082 0 4 |a 378.107  |b SAN  |2 21 
100 0 |a Sánchez González, María Paz  |e author  |9 573868 
245 1 0 |a Técnicas docentes y sistemas de evaluación en Educación Superior 
250 |a 1a. ed 
300 |a 123 p 
942 |c BK 
945 |d 20140502 10:02:00  |a dcastane 
260 |a Madrid  |b Narcea S. A. de Ediciones  |c 2010 
650 0 |a Educación superior   |9 223851 
650 7 |a EVALUACION EN EDUCACION SUPERIOR  |2 CL-VaPUC  |9 573869 
650 0 |a Evaluación docente  |9 382859 
650 0 |a Universidades  |9 256317 
583 |a last modification  |c 20140502 10:02:00  |k Rodrigo Vera 
999 |c 355294  |d 355292 
952 |0 0  |1 0  |3 erb  |4 0  |6 378_107000000000000_SAN_2010  |7 0  |8 A  |9 461954  |a BIBING  |b BIBING  |i 506970K  |o 378.107 SAN 2010  |p 506970K  |r 2025-01-20  |w 2019-11-23  |y BK  |z Catalogado en:20140502  |k GEO